Online
Catalog

Les contemplations / (Record no. 40615)

MARC details
000 -CABECERA
campo de control de longitud fija 00649nam a2200193 a 4500
001 - NÚMERO DE CONTROL
campo de control 000041125
005 - FECHA Y HORA DE LA ÚLTIMA TRANSACCIÓN
campo de control 20201002034635.0
008 - DATOS DE LONGITUD FIJA--INFORMACIÓN GENERAL
campo de control de longitud fija 130918s1995 sp 000 0 spa d
020 ## - NÚMERO INTERNACIONAL ESTÁNDAR DEL LIBRO
Número Internacional Estándar del Libro 2080708430
040 ## - FUENTE DE LA CATALOGACIÓN
Centro catalogador/agencia de origen DO-SdBNP
100 1# - ENTRADA PRINCIPAL--NOMBRE DE PERSONA
Nombre de persona Hugo, Victor,
Fechas asociadas al nombre 1802-1885
9 (RLIN) 13790
245 10 - MENCIÓN DE TÍTULO
Título Les contemplations /
Mención de responsabilidad, etc. Victor Hugo ; presentation, notes, bibliographie et chronologie par Pierre Laforgue.
260 ## - PUBLICACIÓN, DISTRIBUCIÓN, ETC.
Lugar de publicación, distribución, etc. Paris :
Nombre del editor, distribuidor, etc. bFlammarion,
Fecha de publicación, distribución, etc. 1995.
300 ## - DESCRIPCIÓN FÍSICA
Extensión 473 p. ;
Dimensiones 18 cm.
490 1# - MENCIÓN DE SERIE
Mención de serie GF
Designación de volumen o secuencia 843
504 ## - NOTA DE BIBLIOGRAFÍA, ETC.
Nota de bibliografía, etc. Incluye referencias bibliográficas y notas al pie de las páginas
700 1# - PUNTO DE ACCESO ADICIONAL--NOMBRE DE PERSONA
Nombre de persona Laforgue, Pierre,
Término indicativo de función/relación present.
9 (RLIN) 67666
830 #0 - PUNTO DE ACCESO ADICIONAL DE SERIE-TÍTULO UNIFORME
Título uniforme GF
Número de parte o sección de la obra 853
9 (RLIN) 67667
Holdings
Estado de retiro Estado de pérdida Restricciones de uso No para préstamo Código de colección Localización permanente Ubicación/localización actual Ubicación en estantería Fecha de adquisición Número de inventario Total de préstamos Signatura topográfica completa Código de barras Fecha visto por última vez Precio válido a partir de Tipo de ítem Koha
      Excluido de préstamo Monografías: Libros y Folletos General General En catalogación 18.09.2013 LF1   41125-10 25.06.2020 25.06.2020 No se presta

Powered by Koha